First-Order Subdivision Flag Gauntlet 2 (FOSFG 2) - Statistics

General Stats
  • This quiz has been taken 15 times
  • The average score is 43 of 191
Answer Stats
Picture Answer % Correct
Sardinia, Italy
91%
Basque Country, Spain
82%
Gibraltar, British Overseas Territories
82%
Isle of Man, British Crown Dependencies
82%
Cornwall, England
73%
Lazio, Italy
73%
Sicily, Italy
73%
Aruba, Dutch Caribbean
64%
Bonaire, Dutch Caribbean
64%
Calabria, Italy
64%
Catalonia, Spain
64%
Christmas Island, Australia
64%
Guernsey, British Crown Dependencies
64%
Jersey, British Crown Dependencies
64%
Cocos (Keeling) Islands, Australia
55%
Friesland, Netherlands
55%
Lombardy, Italy
55%
Molise, Italy
55%
Anguilla, British Overseas Territories
45%
Apulia, Italy
45%
Bermuda, British Overseas Territories
45%
British Indian Ocean Territory, British Overseas Territories
45%
Canary Islands, Spain
45%
Emilia-Romagna, Italy
45%
Norfolk Island, Australia
45%
Saba, Dutch Caribbean
45%
Sint Maarten, Dutch Caribbean
45%
Tokyo Prefecture, Japan
45%
Asturias, Spain
36%
British Virgin Islands, British Overseas Territories
36%
Cayman Islands, British Overseas Territories
36%
Ceuta, Spanish Autonomous Cities
36%
Curaçao, Dutch Caribbean
36%
Falkland Islands, British Overseas Territories
36%
Galicia, Spain
36%
Luxembourg, Belgium
36%
Montserrat, British Overseas Territories
36%
Northern Territory, Australia
36%
Pitcairn Islands, British Overseas Territories
36%
Saint Helena, British Overseas Territories
36%
Sint Eustatius, Dutch Caribbean
36%
Turks and Caicos Islands, British Overseas Territories
36%
Veneto, Italy
36%
Victoria, Australia
36%
Yorkshire, England
36%
Aichi Prefecture, Japan
27%
Akita Prefecture, Japan
27%
Aosta Valley, Italy
27%
Aragon, Spain
27%
Balearic Islands, Spain
27%
British Antarctic Territory, British Overseas Territories
27%
Castile and León, Spain
27%
Essex, England
27%
Fukuoka Prefecture, Japan
27%
Hiroshima Prefecture, Japan
27%
Hokkaidō Prefecture, Japan
27%
Kent, England
27%
Madrid, Spain
27%
Navarre, Spain
27%
New South Wales, Australia
27%
Ōsaka Prefecture, Japan
27%
Piedmont, Italy
27%
Queensland, Australia
27%
South Georgia and the South Sandwich Islands, British Overseas Territories
27%
Western Australia, Australia
27%
Andalusia, Spain
18%
Aomori Prefecture, Japan
18%
Ascension Island, British Overseas Territories
18%
Australian Capital Territory, Australia
18%
Cambridgeshire, England
18%
Cantabria, Spain
18%
Castile-La Mancha, Spain
18%
Chiba Prefecture, Japan
18%
Devon, England
18%
Extremadura, Spain
18%
Fukui Prefecture, Japan
18%
Fukushima Prefecture, Japan
18%
Gifu Prefecture, Japan
18%
Gunma Prefecture, Japan
18%
Hyōgo Prefecture, Japan
18%
Ibaraki Prefecture, Japan
18%
Ishikawa Prefecture, Japan
18%
Iwate Prefecture, Japan
18%
Kagawa Prefecture, Japan
18%
Kagoshima Prefecture, Japan
18%
Kanagawa Prefecture, Japan
18%
Kōchi Prefecture, Japan
18%
Kumamoto Prefecture, Japan
18%
Kyoto Prefecture, Japan
18%
La Rioja, Spain
18%
Mie Prefecture, Japan
18%
Miyagi Prefecture, Japan
18%
Miyazaki Prefecture, Japan
18%
Murcia, Spain
18%
Nagano Prefecture, Japan
18%
Nara Prefecture, Japan
18%
Northumberland, England
18%
Nottinghamshire, England
18%
Ōita Prefecture, Japan
18%
Okayama Prefecture, Japan
18%
Okinawa Prefecture, Japan
18%
Saga Prefecture, Japan
18%
Shizuoka Prefecture, Japan
18%
Somerset, England
18%
South Australia, Australia
18%
Tasmania, Australia
18%
Tokushima Prefecture, Japan
18%
Tottori Prefecture, Japan
18%
Toyama Prefecture, Japan
18%
Tristan da Cunha, British Overseas Territories
18%
Valencia, Spain
18%
Wakayama Prefecture, Japan
18%
Yamagata Prefecture, Japan
18%
Yamaguchi Prefecture, Japan
18%
Yamanashi Prefecture, Japan
18%
Antwerp, Belgium
9%
Basilicata, Italy
9%
Bedfordshire, England
9%
Buckinghamshire, England
9%
Campania, Italy
9%
Cheshire, England
9%
County Durham, England
9%
Dorset, England
9%
Drenthe, Netherlands
9%
East Flanders, Belgium
9%
Ehime Prefecture, Japan
9%
Flemish Brabant, Belgium
9%
Flevoland, Netherlands
9%
Friuli-Venezia-Giulia, Italy
9%
Gelderland, Netherlands
9%
Gloucestershire, England
9%
Hainaut, Belgium
9%
Herefordshire, England
9%
Huntingdonshire, England
9%
Lancashire, England
9%
Leicestershire, England
9%
Liège, Belgium
9%
Liguria, Italy
9%
Limburg, Belgium
9%
Lincolnshire, England
9%
Marche, Italy
9%
Melilla, Spanish Autonomous Cities
9%
Middlesex, England
9%
Nagasaki Prefecture, Japan
9%
Namur, Belgium
9%
Niigata Prefecture, Japan
9%
Norfolk, England
9%
Overijssel, Netherlands
9%
Oxfordshire, England
9%
Rutland, England
9%
Saitama Prefecture, Japan
9%
Salzburg, Austria
9%
Shiga Prefecture, Japan
9%
Shimane Prefecture, Japan
9%
Shropshire, England
9%
Styria, Austria
9%
Suffolk, England
9%
Surrey, England
9%
Sussex, England
9%
Tochigi Prefecture, Japan
9%
Trentino-Alto-Adige, Italy
9%
Tuscany, Italy
9%
Tyrol, Austria
9%
Umbria, Italy
9%
Utrecht, Netherlands
9%
Vienna, Austria
9%
Vorarlberg, Austria
9%
Walloon Brabant, Belgium
9%
Warwickshire, England
9%
Westmorland, England
9%
Wiltshire, England
9%
Worcestershire, England
9%
Zeeland, Netherlands
9%
Abruzzo, Italy
0%
Berkshire, England
0%
Burgenland, Austria
0%
Carinthia, Austria
0%
Cumberland, England
0%
Derbyshire, England
0%
Groningen, Netherlands
0%
Hampshire, England
0%
Hertfordshire, England
0%
Limburg, Netherlands
0%
Lower Austria, Austria
0%
Northamptonshire, England
0%
North Brabant, Netherlands
0%
North Holland, Netherlands
0%
South Holland, Netherlands
0%
Staffordshire, England
0%
Upper Austria, Austria
0%
West Flanders, Belgium
0%
No matching quizzes found
Score Distribution
Percent of People with Each Score
Percentile by Number Answered
Your Score History
You have not taken this quiz